000 00542nam a2200169Ia 4500
008 220216s9999 xx 000 0 und d
100 _aMandal D.
245 0 _aNutritional requirement of Hevea brasiliensis during immature phase in North Eastern Region
260 _bProceedings of National Seminar on Resource Management, 1991, Shillong, India
_c1991
650 _aImmaturity period
650 _aNorth East India
650 _aNutrition
700 _aKrishnakumar A.K.
700 _aPotty S.N.
700 _aSinha R.R.
942 _cBS
999 _c48708
_d48708